Catálogo de la Biblioteca Horacio González - Universidad Nacional de General Sarmiento

Matar a todos (Registro nro. 54924)

Detalles MARC
000 -CABECERA
campo de control de longitud fija 01585ngm a22003250a 4500
001 - NÚMERO DE CONTROL
campo de control PT35953
003 - IDENTIFICADOR DEL NÚMERO DE CONTROL
campo de control AR-LpoUNG
005 - FECHA Y HORA DE LA ÚLTIMA TRANSACCIÓN
campo de control 20210202000457.0
007 - CAMPO FIJO DE DESCRIPCIÓN FÍSICA--INFORMACIÓN GENERAL
campo de control de longitud fija vd cvaizq
008 - DATOS DE LONGITUD FIJA--INFORMACIÓN GENERAL
campo de control de longitud fija 191001s2008||||ag |||||||||||||||||spa d
037 ## - FUENTE DE ADQUISICIÓN
Condiciones de disponibilidad $7.80
037 ## - FUENTE DE ADQUISICIÓN
Condiciones de disponibilidad $8.91
040 ## - FUENTE DE LA CATALOGACIÓN
Centro catalogador/agencia de origen AR-LpoUNG
Lengua de catalogación spa
Centro/agencia transcriptor AR-LpoUNG
Normas de descripción aacr
041 ## - CÓDIGO DE LENGUA
Código de lengua del texto/banda sonora o título independiente spa
044 ## - CÓDIGO DEL PAÍS DE LA ENTIDAD EDITORA/PRODUCTORA
Código MARC del país ag
082 0# - NÚMERO DE LA CLASIFICACIÓN DECIMAL DEWEY
Número de clasificación 982.065 559mat
100 1# - ENTRADA PRINCIPAL--NOMBRE DE PERSONA
Nombre de persona Schroeder, Esteban
Término indicativo de función/relación dir.
245 10 - MENCIÓN DE TÍTULO
Título Matar a todos
260 ## - PUBLICACIÓN, DISTRIBUCIÓN, ETC.
Lugar de publicación, distribución, etc. Buenos Aires :
Nombre del editor, distribuidor, etc. SBP,
Fecha de publicación, distribución, etc. 2008.
300 ## - DESCRIPCIÓN FÍSICA
Extensión DVD (95 min.) : son., col.
505 0# - NOTA DE CONTENIDO CON FORMATO
Nota de contenido con formato Hecha en 2007. - Elenco: Claudio Arredondo, Roxana Blanco, Jorge Bolani, Patricio Contreras, Darío Grandinetti, María Izquierdo, Walter Reyno, César Troncoso, Jaime Vadell.
520 ## - SUMARIO, ETC.
Sumario, etc. La abogada Julia Gudari investiga el secuestro en Uruguay de Berríos, un químico chileno reclamado por la justicia internacional por su vinculación con crímenes perpetrados por el régimen de Pinochet. Todo indica que los militares uruguayos retienen a Berríos para impedir que declare como testigo. Julia, que fue secuestrada y torturada durante la dictadura uruguaya, teme que su padre, el general retirado Gudari, esté involucrado en el caso Berríos, y su hermano, que también es militar, le niega información. En medio de la presión y las amenazas, Julia entiende que, si quiere acceder a la verdad, tendrá que revisar su pasado para sanar sus heridas y superar sus miedos.
650 #4 - PUNTO DE ACCESO ADICIONAL DE MATERIA--TÉRMINO DE MATERIA
Término de materia o nombre geográfico como elemento de entrada DRAMA
651 #4 - PUNTO DE ACCESO ADICIONAL DE MATERIA--NOMBRE GEOGRÁFICO
Nombre geográfico Argentina
653 ## - TÉRMINO DE INDIZACIÓN--NO CONTROLADO
Término no controlado CINE ARGENTINO
653 ## - TÉRMINO DE INDIZACIÓN--NO CONTROLADO
Término no controlado DVD
653 ## - TÉRMINO DE INDIZACIÓN--NO CONTROLADO
Término no controlado VIDEOS
905 ## - ELEMENTOS DE DATOS E LOCAL, LDE (RLIN)
a 35953
942 ## - ELEMENTOS DE PUNTO DE ACCESO ADICIONAL (KOHA)
Tipo de ítem Koha DVD
Existencias
Estado de retiro Estado de pérdida Estado dañado No para préstamo Código de colección Localización permanente Ubicación/localización actual Fecha de adquisición Total de préstamos Signatura topográfica completa Código de barras Fecha visto por última vez Precio válido a partir de Tipo de ítem Koha
        Colección Cine Biblioteca Universidad Nacional de General Sarmiento Biblioteca Universidad Nacional de General Sarmiento 02/02/2021   982.065 559mat 00043219 02/02/2021 02/02/2021 DVD
        Colección Cine Biblioteca Universidad Nacional de General Sarmiento Biblioteca Universidad Nacional de General Sarmiento 02/02/2021   982.065 559mat 00043873 02/02/2021 02/02/2021 DVD
        Colección Cine Biblioteca Universidad Nacional de General Sarmiento Biblioteca Universidad Nacional de General Sarmiento 02/02/2021   982.065 559mat 00043897 02/02/2021 02/02/2021 DVD